| 000 | 00341nam a22001337a 4500 | ||
|---|---|---|---|
| 008 | 230627b xxu||||| |||| 00| 0 eng d | ||
| 020 | _a9812548882 | ||
| 082 |
_a336 _bULB |
||
| 100 | _cHolley Ulbrich | ||
| 245 |
_aPublic Finance _bIn Theory & Practice |
||
| 260 |
_asingapore _bThomson Asia pte ltd _c2003 |
||
| 300 | _a445p | ||
| 942 |
_2ddc _cBK |
||
| 999 |
_c2892 _d2892 |
||